000
00215nam a2200097Ia 4500
008
240331s9999 xx 000 0 und d
082
_b
SAN
100
_a
Sanmugadas, M
245
0
_a
Manyoshu :
_b
katarkatchal
942
_c
L
999
_c
3699
_d
3699